Personnages de My Little Pony par image - Difficile - Statistiques

Statistiques générales
  • Ce quiz a été pris 23 fois
  • Le résultat moyen est 6 sur 15
Statistiques - réponses
Par images Réponse % Correct
Star Swirl the Bearded
94%
Moon Dancer
71%
Minuette
47%
Tree Hugger
47%
Somnambula
41%
Flash Magnus
35%
Mistmane
35%
Rockhoof
35%
Mage Meadowbrook
29%
Twinkleshine
29%
Fleetfoot
24%
Lemon Hearts
24%
Clear Sky
18%
Sheriff Silverstar
18%
Wind Sprint
18%
Aucun quiz correspondant
Distribution des résultats
% des personnes avec chaque résultat
Percentile par nombre de réponses
Votre historique - résultats
Vous n’avez pas pris ce quiz